Návrh a realizácia informačného systému pre predškolské zariadenie

Gespeichert in:
Bibliographische Detailangaben
1. Verfasser: Cedula, Lukáš (Verfasst von)
Weitere Verfasser: Tadanai, Ondrej (Betreuung Doktorarbeit)
Format: Manuskript Buch
Sprache:Slowakisch
Veröffentlicht: 2015
Schlagworte:
Online-Zugang:http://is.stuba.sk/zp/portal_zp.pl?podrobnosti=120933
Tags: Tag hinzufügen
Keine Tags, Fügen Sie das erste Tag hinzu!

MARC

LEADER 00000ntm a22000003a 4500
001 stuzp49668
003 SK-STU
005 20160719153339.1
007 ta
008 150427s2015----xo-----f-mn---000-0-slo-d
040 |a STU  |b slo 
041 0 |a slo 
100 1 |a Cedula, Lukáš  |u 066000  |4 aut  |U MTF Materiálovotechnologická fakulta  |T MTF Ústav aplikovanej informatiky, automatizácie a mechatroniky  |X 46821  |U M6000  |Y 86  |7 46821 
242 0 1 |a Design and implementation of information system for nursery schools  |y eng 
245 1 0 |a Návrh a realizácia informačného systému pre predškolské zariadenie 
260 |c 2015 
650 4 |a Windows form application  |2 slo 
650 4 |a Microsoft SQL 2008  |2 slo 
650 4 |a C#  |2 slo 
650 4 |a Databáza  |2 slo 
650 4 |a Database  |2 eng 
650 4 |a Windows form application  |2 eng 
650 4 |a Microsoft SQL 2008  |2 eng 
650 4 |a C#  |2 eng 
700 1 |a Tadanai, Ondrej  |4 ths  |X 66100  |7 A000066100 
856 4 |u http://is.stuba.sk/zp/portal_zp.pl?podrobnosti=120933 
996 |c M* BP-7079  |l MMSKP  |s P  |a 0  |w stuzp49668_0001 
SQL |a stuzp49668  |b DBP  |c SLO  |d Návrh a realizácia informačného systému pre predškolské zariadenie  |e 46821  |f Cedula, Lukáš  |g 066000  |h 66100  |i Tadanai, Ondrej  |j 20150624  |k 168  |l 06  |m http://is.stuba.sk/zp/portal_zp.pl?podrobnosti=120933  |n B-AIA  |o 5.2.14. automatizácia, 9.2.9. aplikovaná informatika